[Event "Almeria-ch Juvenil"]
[Site "Almeria"]
[Date "2011.01.22"]
[Round "1.10"]
[White "Perez Beltran, Jose Maria"]
[Black "Chiva Sanchez, Nicolas"]
[Result "1-0"]
[WhiteElo "1522"]
[BlackElo "1253"]
[PlyCount "20"]
[EventDate "2011.01.22"]
[EventType "swiss"]
[EventRounds "6"]
[EventCountry "ESP"]
[SourceTitle "EXT 2024"]
[Source "ChessBase"]
[SourceDate "2023.10.10"]
[SourceVersion "1"]
[SourceVersionDate "2023.10.10"]
[SourceQuality "1"]

1. e4 e5 2. Nf3 Nc6 3. Bc4 Nf6 4. Ng5 d5 5. exd5 Nxd5 6. Nxf7 Kxf7 7. Qf3+ Ke8 8. Qxd5 Qxd5 9. Bxd5 Nb4 10. Bb3 Be7 1-0